00659 2200229 4500001002100000005001700021008004100038020002200079035002400101082001200125090001900137100002200156245007500178260004300253300002200296490002500318650001500343700001700358990001800375990001800393990001800411YOGYA-0411000000235020110428090116.0 ind  a978-979-026-346-8 0010-041100000002350 a297.382 a297.382bRid D aRIDHA, Abu Nabiel aDoa-doa tolak maksiat & petaka / Abu Nabiel Ridha ; editor Aat Hidayat aYogjakartabPustaka Insan Madanic2009 aix,109 hlmc25 cm aSeri Doa-doa pilihan aDoa(Islam) aHidayat, Aat a51908-PD/B.10 a51909-PD/B.10 a51910-PD/B.10